000 00758cam a22001817a 4500
008 180718b2010 xxu||||| |||| 00| 0 eng d
082 _aAPPPA 2009-10/PAN
100 _aPande, Tanuja
245 _aA study of the emerging patterns of government expenditure with respect to National Rural Employment Guarantee Act
_cby Tanuja Pande
260 _aNew Delhi
_bIndian Institute of Public Administration
_c2010
300 _a142p.
500 _aAn APPPA M. Phil dissertation, 2009-10 (Guide: Dr. Sujit Kumar Pruseth)
650 _aGuaranteed annual income --India
650 _aRural poor --Employment --India
650 _aManpower policy, Rural --India
650 _aNational Rural Employment Guarantee Scheme (India)
650 _aRural development -India
999 _c501954
_d501954